| 000 | 00803nam a2200241 i 4500 | ||
|---|---|---|---|
| 003 | DO-SdBNP | ||
| 005 | 20230504131912.0 | ||
| 007 | ta | ||
| 008 | 210421e2020 dr ac||gr|||| 00| 0 spa d | ||
| 040 |
_aDO-SdBNP _bspa _cBNPHU _erda |
||
| 082 | 4 | _222 | |
| 245 | 1 | 0 |
_aEugenio de Jesús Marcano Fondeur : _bel naturalista nacional / _cCarlos Suriel, Celeste Mir. |
| 264 |
_aSanto Domingo : _bMuseo Nacional de Historia Natural, _c2020. |
||
| 300 |
_a21 páginas : _bilustraciones y retratos, _c2020. |
||
| 336 |
_2rdacontent _atexto _btxt |
||
| 337 |
_2rdamedia _asin mediación _bn |
||
| 338 |
_2rdacarrier _avolumen _bnc |
||
| 490 | 0 |
_aEducación Semblanza _v1 |
|
| 590 | _aInventariado, 2023/BT | ||
| 700 | 1 |
_aSuriel, Carlos. _957735 _eeditor |
|
| 700 | 1 |
_aMir, Celeste. _978449 _eeditor |
|
| 942 |
_2ddc _cLBS1 |
||
| 999 |
_c49770 _d49770 |
||